LIBRARY ONLINE CATALOGUE

Nursing / (Record no. 9759)

MARC details
000 -LEADER
fixed length control field 00863nam a22002532 4500
001 - CONTROL NUMBER
control field 0000023246
005 - DATE AND TIME OF LATEST TRANSACTION
control field 20151217152238.0
008 - FIXED-LENGTH DATA ELEMENTS--GENERAL INFORMATION
fixed length control field 120911s xx 000 0 eng d
020 ## - INTERNATIONAL STANDARD BOOK NUMBER
International Standard Book Number 0073515418 :
040 ## - CATALOGING SOURCE
Original cataloging agency KABU
Transcribing agency KABU
245 10 - TITLE STATEMENT
Title Nursing /
Statement of responsibility, etc. Roberta Pavy Ramont.
250 ## - EDITION STATEMENT
Edition statement 1st ed.
260 ## - PUBLICATION, DISTRIBUTION, ETC. (IMPRINT)
Place of publication, distribution, etc. Dubuque :
Name of publisher, distributor, etc. Contemporary learning series,
Date of publication, distribution, etc. 2006.
300 ## - PHYSICAL DESCRIPTION
Extent xx, 187 p.
650 #0 - SUBJECT ADDED ENTRY--TOPICAL TERM
Topical term or geographic name as entry element Nursing
Form subdivision Periodicals.
-- 0000171248
700 1# - ADDED ENTRY--PERSONAL NAME
Personal name Ramont, Roberta Pavy.
-- 0000182598
852 1# - LOCATION
-- p1,900 KES
852 1# - LOCATION
-- p1,900 KES
852 1# - LOCATION
-- p1,900 KES
852 1# - LOCATION
-- p1,900 KES
852 1# - LOCATION
-- p1,900 KES
908 ## - PUT COMMAND PARAMETER (RLIN)
Put command parameter 120911
950 ## - LOCAL HOLDINGS (RLIN)
-- 1
Holdings
Withdrawn status Lost status Source of classification or shelving scheme Not for loan Home library Current library Date acquired Total Checkouts Full call number Barcode Date last seen Price effective from Koha item type
    Library of Congress Classification   Kabarak, Main Campus Kabarak, Main Campus 17/12/2015   RT1 .N87 2006 c.1 013635 17/12/2015 17/12/2015 General Collection
    Library of Congress Classification   Kabarak, Main Campus Kabarak, Main Campus 17/12/2015   RT1 .N87 2006 c.2 013634 17/12/2015 17/12/2015 General Collection
    Library of Congress Classification   Kabarak, Main Campus Kabarak, Main Campus 17/12/2015   RT1 .N87 2006 c.3 013633 17/12/2015 17/12/2015 General Collection
    Library of Congress Classification   Kabarak, Main Campus Kabarak, Main Campus 17/12/2015   RT1 .N87 2006 c.4 013632 17/12/2015 17/12/2015 General Collection
    Library of Congress Classification   Kabarak, Main Campus Kabarak, Main Campus 17/12/2015   RT1 .N87 2006 c.5 013631 17/12/2015 17/12/2015 General Collection